Countries with the Most Tamil Speakers - Statistics

General Stats
  • This quiz has been taken 254 times
    27 since last reset
  • The average score is 18 of 30
Answer Stats
Tamil Speakers Country % Correct
69,810,141 India
100%
3,135,770 Sri Lanka
100%
341,396 United States
92%
125,000 France
88%
50,000 Germany
88%
135,363 United Kingdom
88%
95,411 Australia
83%
2,327,000 Malaysia
83%
237,890 Canada
79%
198,449 Singapore
79%
40,000 Indonesia
75%
10,000 Thailand
75%
25,000 Italy
71%
5,000 China
67%
10,107 New Zealand
67%
20,000 Netherlands
58%
250,000 South Africa
54%
10,000 United Arab Emirates
54%
7,000 Belgium
50%
1,000,000 Myanmar
50%
4,000 Qatar
46%
40,000 Switzerland
42%
7,000 Denmark
38%
13,000 Norway
38%
7,000 Bahrain
33%
72,089 Mauritius
33%
80,000 Fiji
29%
10,000 Austria
25%
4,000 Seychelles
13%
7,000 Bahamas
0%
No matching quizzes found
Score Distribution
Percent of People with Each Score
Percentile by Number Answered
Your Score History
You have not taken this quiz since the last reset